Statistics for Best madden players

Click here to take the quiz!

General Stats

  • This quiz has been taken 79 times
  • The average score is 18 of 54

Answer Stats

TeamPosition/rankingAnswer% Correct
Patriots2# QuarterbackTom Brady
94%
Falcons1# QuarterbackMichael Vick
85%
Lions2# RunningbackBarry Sanders
72%
Falcons1# CornerbackDeion Sanders
72%
Vikings1# Wide ReceiverRandy Moss
69%
Seahawks2# Left TackleWalter Jones
63%
Rams4# QuarterbackKurt Warner
61%
Patriots3# Tight EndRob Gronkowski
61%
Vikings3# RunningbackAdrian Peterson
59%
Lions3# Wide ReceiverCalvin Johnson
58%
Cardinals4# Wide ReceiverLarry Fitzgerald
55%
Chargers1# Tight EndAntonio Gates
51%
Ravens2# Far SafetyEd Reed
48%
Ravens1# Middle LinebackerRay Lewis
48%
Texans2# Right EndJ.J. Watt
44%
Rams1# RunningbackMarshall Faulk
44%
Steelers2# Strong SafetyTroy Polamalu
44%
Vikings5# Wide ReceiverCris Carter
42%
Jets3# CornerbackDarrelle Revis
41%
Eagles3# QuarterbackRandall Cunningham
39%
Jets4# RunningbackCurtis Martin
38%
Broncos2# Tight EndShannon Sharpe
38%
Eagles1# Strong SafetyBrian Dawkins
37%
Redskins1# Far SafetySean Taylor
37%
49ers2# Middle LinebackerPatrick Willis
34%
Patriots1# KickerAdam Vinatieri
32%
Panthers1# Left EndJulius Peppers
32%
Rams6# Wide ReceiverIsaac Bruce
31%
Buccaneers1# FullbackMike Alstott
30%
Buccaneers1# Defensive TackleWarren Sapp
30%
Broncos2# CornerbackChamp Bailey
28%
49ers2# Left EndJustin Smith
28%
Raiders4# CornerbackCharles Woodson
27%
Ravens2# Left Outside LinebackerTerrell Suggs
25%
Buccaneers1# Left Outside LinebackerDerrick Brooks
24%
Patriots3# Defensive TackleVince Wilfork
24%
Steelers2# Right Outside LinebackerJames Harrison
23%
Cowboys1# Right GuardLarry Allen
23%
Chiefs1# Right Outside LinebackerDerrick Thomas
20%
Colts1# Right EndDwight Freeney
20%
Ravens1# Right TackleJonathon Ogden
20%
Chargers2# FullbackLorenzo Neal
17%
Rams1# Left TackleOrlando Pace
15%
Vikings4# Defensive TackleKevin Williams
13%
Steelers1# CenterDermontti Dawson
10%
Seahawks1# Left GuardSteve Hutchinson
10%
Raiders5# CornerbackNnamdi Asomugha
7%
Patriots2# Left GuardLogan Mankins
6%
Jets2# CenterNick Mangold
6%
Texans2# PunterShane Lechler
4%
Saints2# Right GuardJahri Evans
3%
Falcons2# Wide ReceiverBrian Finnernan
1%
Buccaneers2# Defensive TackleAlbert Haynesworth
0%
Titans2# Right TackleDavid Stewart
0%

Score Distribution

Percentile by Number Answered

Percent of People with Each Score

Your Score History

You have not taken this quiz